| 000 | 01018nam a22001935i 4500 | ||
|---|---|---|---|
| 001 | 162817 | ||
| 003 | ES-MaACL | ||
| 005 | 20230906212618.0 | ||
| 008 | 050704s1854 fr |||| | fre d | ||
| 040 |
_aCAM _bspa _cCAM |
||
| 100 | 1 |
_aQuevenne, Théodore-Auguste. _9131516 |
|
| 245 | 1 | 0 |
_aMémoire sur l'action physiologique et thérapeutique des ferrugineux / _cpar T.-A. Quevenne. |
| 260 |
_aParis; a Londres et a New-York; a Madrid : _bchez Germer Baillière, libraire-éditeur. |
||
| 300 |
_a356, [2] p. ; _c22 cm. |
||
| 490 | 1 |
_aArchives de physiologie, de thérapeutique et d'hygiene / sous la direction de M. Bouchardat ; _v2, octubre 1854 |
|
| 830 | 0 |
_aArchives de physiologie, de thérapeutique et d'hygiene / sous la direction de M. Bouchardat ; _v2, octubre 1854 _9222228 |
|
| 852 |
_aES-MaACL _jG-15435 _z-- Enc. hol., conservando la enc. original _z-- Legado de gustavo Sáenz Díez, Sept. 1893 _z-- Ded. del autor al Dr. Gutiérrez, profesor de medicina clínica en Madrid |
||
| 999 |
_c162817 _d162817 |
||